000 00432nam a2200121Ia 4500
008 220615s9999||||xx |||||||||||||| ||und||
100 _aGeorge Dekoulis
245 0 _aField - Programmable Gate Array
546 _aEnglish[eng]
650 _aPhysical Sciences||Engineering and Technology||Materials Science||Semiconductor||Electronic Circuits
856 _uhttps://www.intechopen.com/books/field-programmable-gate-array
942 _cEB
999 _c16249
_d16249